| 000 | 00862ngm a22002657a 4500 | ||
|---|---|---|---|
| 005 | 20220608135616.0 | ||
| 008 | 150324b xxu||||| |||| 00| 0 spa d | ||
| 041 | _aspa | ||
| 082 | _a311 DVD | ||
| 100 |
_aRubin, Daphra _922031 |
||
| 245 | _aMetanfetaminas: un regalo de muerte | ||
| 260 | _aMéxico | ||
| 260 | _bDiscovery Communication | ||
| 260 | _c2010 | ||
| 300 | _a60 minutos | ||
| 500 | _aEl vídeo muestra los efectos dañinos de consumir metanfetaminas. Se realizan entrevistas a consumidores en los que la droga esta acabando con sus piezas dentales, piel y cabelllo | ||
| 650 |
_aMETANFETAMINAS _94530 |
||
| 650 |
_aDROGAS _91131 |
||
| 650 |
_aABUSO DE DROGAS _917656 |
||
| 650 |
_aCONSUMO DE DROGAS _915775 |
||
| 650 |
_aDROGADICTOS _925958 |
||
| 650 |
_aEFECTOS FISIOLÓGICOS _92348 |
||
| 650 |
_aCAMBIOS FÍSICOS _925959 |
||
| 942 | _cDVD | ||
| 999 |
_c4102 _d4102 |
||